000
00250nam a2200097Ia 4500
008
220204s9999 xx 000 0 und d
082
_a
058 MAN1994
_b
MAN
245
0
_a
Manorama yearbook. 1994
260
_a
Kottayam
_b
Malayala Manorama
_c
1994
942
_c
BK
999
_c
40513
_d
40513